Best all time goalie on each NHL team - Statistics

General Stats
  • This quiz has been taken 31 times
  • The average score is 16 of 32
Answer Stats
Team Goalie % Correct
Penguins Marc-Andre Fleury
92%
Golden Knights Marc-Andre Fleury
92%
Sabres Dominik Hasek
83%
Devils Martin Brodeur
83%
Avalanche Patrick Roy
79%
Panthers Roberto Luongo
71%
Canucks Roberto Luongo
71%
Lightning Andrei Vasilevskiy
67%
Jets Connor Hellebuyck
63%
Oilers Grant Fuhr
63%
Rangers Henrik Lundqvist
63%
Blue Jackets Sergei Bobrovsky
63%
Islanders Billy Smith
58%
Capitals Braden Holtby
58%
Blackhawks Tony Esposito
58%
Bruins Tuukka Rask
58%
Canadiens Jacques Plante
54%
Kings Jonathan Quick
54%
Predators Pekka Rinne
54%
Flames Miikka Kiprusoff
50%
Sharks Evgeni Nabokov
42%
Hurricanes Cam Ward
38%
Ducks Jean-Sebastien Giguere
38%
Red Wings Terry Sawchuck
38%
Senators Craig Anderson
33%
Flyers Bernie Parent
29%
Maple Leafs Johnny Bower
25%
Wild Niklas Backstrom
21%
Mammoth Karel Vejmelka
17%
Stars Marty Turco
17%
Kraken Joey Daccord
13%
Blues Brian Elliott
4%
No matching quizzes found
Score Distribution
Percent of People with Each Score
Percentile by Number Answered
Your Score History
You have not taken this quiz